[Event "36. Vila de Sitges"]
[Site "Sitges ESP"]
[Date "2010.07.25"]
[Round "4.1"]
[White "Karlsson, Lars"]
[Black "Gonzalez Garcia, Jose"]
[Result "0-1"]
[WhiteElo "2449"]
[BlackElo "2508"]
[PlyCount "66"]
[EventDate "2010.07.22"]
[EventType "swiss"]
[EventRounds "9"]
[EventCountry "ESP"]
[Source "lmi"]
[SourceDate "2010.07.22"]

1. Nf3 c5 2. c4 Nc6 3. g3 g6 4. Bg2 Bg7 5. Nc3 e5 6. d3 d6 7. Nd2 Nge7 8. Nf1
a6 9. Bg5 f6 10. Bd2 Be6 11. Ne3 Rb8 12. O-O O-O 13. Ned5 b5 14. b3 b4 15.
Nxe7+ Nxe7 16. Nd5 Nxd5 17. Bxd5 Bxd5 18. cxd5 f5 19. a3 bxa3 20. Rxa3 Qc8 21.
Qc2 f4 22. Qc4 Qh3 23. Qe4 Bh6 24. Bc3 f3 25. exf3 Rf4 26. gxf4 Bxf4 27. Qxf4
exf4 28. Rxa6 Qxf3 29. Ra7 Qg4+ 30. Kh1 Qh3 31. Re1 Qxd3 32. Bf6 Qxd5+ 33. Kg1
Rb7 0-1

[Event "36. Vila de Sitges"]
[Site "Sitges ESP"]
[Date "2010.07.25"]
[Round "4.3"]
[White "Movsziszian, Karen"]
[Black "Lorenzo De La Riva, Lazaro"]
[Result "1-0"]
[WhiteElo "2490"]
[BlackElo "2407"]
[PlyCount "107"]
[EventDate "2010.07.22"]
[EventType "swiss"]
[EventRounds "9"]
[EventCountry "ESP"]
[Source "lmi"]
[SourceDate "2010.07.22"]

1. g3 e5 2. Bg2 Nc6 3. d3 g6 4. c4 Bg7 5. Nc3 d6 6. Rb1 a5 7. a3 Nf6 8. b4 axb4
9. axb4 O-O 10. Bg5 Nd4 11. b5 Ne6 12. Bxf6 Bxf6 13. Nf3 Bg7 14. O-O f5 15. Qd2
g5 16. Ne1 g4 17. Nc2 f4 18. Ne4 Ra2 19. Nc3 Rxc2 20. Qxc2 f3 21. exf3 Nd4 22.
Qd1 gxf3 23. Bh1 Bg4 24. Re1 Qg5 25. Re4 Qh5 26. Ra1 Rf6 27. Ra8+ Kf7 28. h4
Bh6 29. Nd5 Rg6 30. Ra2 Bf5 31. Rxd4 Rxg3+ 32. fxg3 f2+ 33. Rxf2 Qxd1+ 34. Rf1
Qh5 35. g4 Qxh4 36. Rxf5+ Kg7 37. Re4 c6 38. bxc6 bxc6 39. Nf6 Qg3+ 40. Bg2
Qxd3 41. Ne8+ Kg8 42. g5 Bg7 43. Nf6+ Kf7 44. Rf3 Qc2 45. Rh4 Bxf6 46. gxf6 d5
47. cxd5 cxd5 48. Rf1 Qg6 49. Rb4 Qg5 50. Rb7+ Kf8 51. f7 Qe3+ 52. Kh2 Qh6+ 53.
Bh3 Qd6 54. Rg1 1-0

[Event "36. Vila de Sitges"]
[Site "Sitges ESP"]
[Date "2010.07.25"]
[Round "4.4"]
[White "Gonzalez Perez, Arian"]
[Black "Abreu Delgado, Aryam"]
[Result "1-0"]
[WhiteElo "2403"]
[BlackElo "2474"]
[PlyCount "97"]
[EventDate "2010.07.22"]
[EventType "swiss"]
[EventRounds "9"]
[EventCountry "ESP"]
[Source "lmi"]
[SourceDate "2010.07.22"]

1. Nf3 c5 2. g3 Nc6 3. Bg2 g6 4. O-O Bg7 5. d3 d6 6. c4 e5 7. Nc3 Nge7 8. a3 a5
9. Bd2 O-O 10. Ne1 Be6 11. Nc2 d5 12. cxd5 Nxd5 13. Nxd5 Bxd5 14. Bxd5 Qxd5 15.
Ne3 Qe6 16. Rc1 b6 17. Nc4 Rab8 18. e4 Rfd8 19. Rc3 Rd7 20. Be3 a4 21. Nd2 Ra8
22. Nc4 Nd4 23. Bxd4 exd4 24. Rc1 b5 25. Nd2 Rc7 26. f4 c4 27. e5 f6 28. Qf3
Rac8 29. exf6 Bxf6 30. Rce1 Qc6 31. Ne4 Bg7 32. f5 gxf5 33. Qxf5 Rf8 34. Qg5
Rxf1+ 35. Rxf1 h6 36. Nf6+ Qxf6 37. Qd5+ Kh7 38. Rxf6 Bxf6 39. Qd6 Rf7 40. dxc4
bxc4 41. Qe6 Kg7 42. Qxc4 Rd7 43. Qxa4 Rd8 44. Kf1 d3 45. Ke1 Bg5 46. Qb5 Bc1
47. Qe5+ Kg8 48. Qe6+ Kf8 49. Qf6+ 1-0

[Event "36. Vila de Sitges"]
[Site "Sitges ESP"]
[Date "2010.07.25"]
[Round "4.5"]
[White "Peralta, Fernando"]
[Black "Getz, Nicolai"]
[Result "1-0"]
[WhiteElo "2570"]
[BlackElo "2239"]
[PlyCount "82"]
[EventDate "2010.07.22"]
[EventType "swiss"]
[EventRounds "9"]
[EventCountry "ESP"]
[Source "lmi"]
[SourceDate "2010.07.22"]

1. d4 f5 2. g3 Nf6 3. Bg2 d6 4. Nf3 g6 5. O-O Bg7 6. c4 O-O 7. Nc3 c6 8. d5 e5
9. dxe6 Bxe6 10. b3 Na6 11. Ng5 Qe7 12. Nxe6 Qxe6 13. Bb2 Nc5 14. Qc2 Nfe4 15.
Nxe4 Nxe4 16. Bxg7 Kxg7 17. Rad1 Rae8 18. e3 Qe5 19. Rd4 Rf6 20. Rfd1 Kf7 21.
b4 Re7 22. R1d3 b5 23. f3 bxc4 24. Qxc4+ d5 25. Qc2 Nd6 26. f4 Qe6 27. Rxd5
cxd5 28. Bxd5 Qxd5 29. Rxd5 Rxe3 30. Re5 Re4 31. Qc7+ Kg8 32. Qd8+ Kg7 33. Qe7+
Nf7 34. Rxe4 fxe4 35. Qxe4 h5 36. Qd4 a6 37. h3 Nd6 38. Qa7+ Nf7 39. a4 h4 40.
b5 axb5 41. axb5 hxg3 1-0

[Event "36. Vila de Sitges"]
[Site "Sitges ESP"]
[Date "2010.07.25"]
[Round "4.6"]
[White "Moskalenko, Viktor"]
[Black "Alonso Garcia, Rene Marcial"]
[Result "1-0"]
[WhiteElo "2565"]
[BlackElo "2396"]
[PlyCount "73"]
[EventDate "2010.07.22"]
[EventType "swiss"]
[EventRounds "9"]
[EventCountry "ESP"]
[Source "lmi"]
[SourceDate "2010.07.22"]

1. d4 e6 2. c4 d5 3. Nc3 Bb4 4. a3 Be7 5. cxd5 exd5 6. Bf4 c6 7. e3 Bd6 8. Bxd6
Qxd6 9. Bd3 Ne7 10. Qc2 b6 11. Nf3 Ba6 12. O-O Bxd3 13. Qxd3 O-O 14. Rac1 Nd7
15. Qa6 Nf6 16. Rc2 Ne8 17. Rfc1 f6 18. Ne2 Qd7 19. Qd3 Nd6 20. Nd2 Rad8 21. h3
Rfe8 22. Nf4 Rc8 23. Qe2 Nef5 24. Qg4 Re7 25. a4 Ne4 26. Nxe4 Rxe4 27. b4 h5
28. Qf3 h4 29. Qg4 g5 30. b5 c5 31. dxc5 bxc5 32. Rxc5 Rxc5 33. Rxc5 Re5 34.
Nh5 Kf7 35. Rc6 d4 36. Rxf6+ Ke7 37. Qxg5 1-0

[Event "36. Vila de Sitges"]
[Site "Sitges ESP"]
[Date "2010.07.25"]
[Round "4.7"]
[White "Martinez Duany, Lelys Stanley"]
[Black "Bukal, Vladimir Jr"]
[Result "1-0"]
[WhiteElo "2510"]
[BlackElo "2381"]
[PlyCount "81"]
[EventDate "2010.07.22"]
[EventType "swiss"]
[EventRounds "9"]
[EventCountry "ESP"]
[Source "lmi"]
[SourceDate "2010.07.22"]

1. e4 d6 2. d4 g6 3. Nf3 Bg7 4. Be2 Nf6 5. Nc3 O-O 6. O-O Bg4 7. Be3 Nc6 8. Qd2
e5 9. d5 Ne7 10. Ne1 Bd7 11. f4 Ng4 12. Bxg4 Bxg4 13. fxe5 dxe5 14. h3 Bd7 15.
Bh6 Nc8 16. Nd3 Qe7 17. Rae1 Nd6 18. b3 Rae8 19. Bxg7 Kxg7 20. Nb1 b6 21. c4 h6
22. Qe3 Qg5 23. Nd2 c5 24. a3 a5 25. b4 axb4 26. axb4 cxb4 27. Qxg5 hxg5 28.
Rb1 f5 29. Nxb4 fxe4 30. Rxf8 Rxf8 31. Nc2 Ba4 32. Ne3 Nf5 33. Ndf1 Nd4 34.
Rxb6 g4 35. Rb7+ Kg8 36. hxg4 Bb3 37. Nd2 Bc2 38. c5 g5 39. Nxc2 Ne2+ 40. Kh2
Rf6 41. Rb6 1-0

[Event "36. Vila de Sitges"]
[Site "Sitges ESP"]
[Date "2010.07.25"]
[Round "4.8"]
[White "Lammers, Markus"]
[Black "Gongora Reyes, Maikel"]
[Result "1/2-1/2"]
[WhiteElo "2386"]
[BlackElo "2451"]
[PlyCount "149"]
[EventDate "2010.07.22"]
[EventType "swiss"]
[EventRounds "9"]
[EventCountry "ESP"]
[Source "lmi"]
[SourceDate "2010.07.22"]

1. d4 d5 2. Nf3 Nf6 3. c4 c6 4. e3 Bg4 5. Nc3 e6 6. h3 Bxf3 7. Qxf3 Nbd7 8. Bd3
Bb4 9. O-O O-O 10. Qd1 Ba5 11. Rb1 dxc4 12. Bxc4 e5 13. dxe5 Nxe5 14. Be2 Qe7
15. Qc2 Rad8 16. a3 Ng6 17. b4 Bc7 18. Bb2 Rfe8 19. Rfd1 Rxd1+ 20. Rxd1 Qe5 21.
g3 Qg5 22. Bf1 h5 23. Bg2 h4 24. g4 Qe5 25. Kf1 Qh2 26. Qf5 Ne7 27. Qc5 a6 28.
Qc4 Ng6 29. g5 Nh7 30. Ne4 Nhf8 31. Rd2 Be5 32. f4 Bxb2 33. Rxb2 Rd8 34. Qc1
Ne7 35. Rd2 Rxd2 36. Qxd2 Nf5 37. Qf2 Ne6 38. Nd2 Qg3 39. Qxg3 Nxg3+ 40. Kf2
Nf5 41. Be4 Nd6 42. Bd3 c5 43. Kf3 b5 44. Kg4 c4 45. Bc2 c3 46. Nb1 Nc4 47. Kf3
Nc7 48. Ke4 Nd5 49. Bb3 c2 50. Bxc2 Ndxe3 51. Bb3 Kf8 52. Kd4 Ke7 53. a4 Kd6
54. Nc3 Kc6 55. axb5+ axb5 56. Ne4 Nf5+ 57. Kd3 Ncd6 58. Nxd6 Nxd6 59. Kd4 f6
60. Bd5+ Kb6 61. Ba8 Ne8 62. Ke4 Nc7 63. Bd5 Na6 64. Kf5 Nxb4 65. Be4 Kc5 66.
Kg6 Kd4 67. Bb1 Nd5 68. Kxg7 fxg5 69. fxg5 Ke5 70. Kh6 Nf4 71. g6 Nxg6 72. Kxg6
Kf4 73. Kh5 Kg3 74. Bf5 b4 75. Be6 1/2-1/2

[Event "36. Vila de Sitges"]
[Site "Sitges ESP"]
[Date "2010.07.25"]
[Round "4.9"]
[White "Lettieri, Giuseppe"]
[Black "Cruz, Jonathan"]
[Result "0-1"]
[WhiteElo "2374"]
[BlackElo "2437"]
[PlyCount "68"]
[EventDate "2010.07.22"]
[EventType "swiss"]
[EventRounds "9"]
[EventCountry "ESP"]
[Source "lmi"]
[SourceDate "2010.07.22"]

1. e4 c5 2. c3 d5 3. exd5 Qxd5 4. d4 Nf6 5. Nf3 e6 6. Bd3 Be7 7. Be3 O-O 8. c4
Qd8 9. Nc3 Na6 10. O-O b6 11. d5 Nb4 12. a3 Nxd3 13. Qxd3 Ba6 14. Rfd1 exd5 15.
Nxd5 Nxd5 16. Qxd5 Bf6 17. Qe4 Qe8 18. Qc2 Bb7 19. Ng5 g6 20. Nh3 Qe5 21. Rd2
Be4 22. Qb3 Rad8 23. Rad1 Qf5 24. Rxd8 Bxd8 25. Bh6 Bc2 26. Qe3 Bxd1 27. Bxf8
Kxf8 28. Qd2 Qb1 29. Qxd8+ Kg7 30. Kh1 Bb3+ 31. Ng1 Qxb2 32. Qd3 a5 33. h4 a4
34. Nf3 Qc1+ 0-1

[Event "36. Vila de Sitges"]
[Site "Sitges ESP"]
[Date "2010.07.25"]
[Round "4.10"]
[White "Beltran Rueda, Santiago"]
[Black "Perez Mitjans, Orelvis"]
[Result "1-0"]
[WhiteElo "2369"]
[BlackElo "2424"]
[PlyCount "123"]
[EventDate "2010.07.22"]
[EventType "swiss"]
[EventRounds "9"]
[EventCountry "ESP"]
[Source "lmi"]
[SourceDate "2010.07.22"]

1. Nf3 Nf6 2. c4 g6 3. Nc3 Bg7 4. d4 O-O 5. e4 c5 6. d5 b5 7. cxb5 a6 8. bxa6
d6 9. Be2 Bxa6 10. O-O Qa5 11. Rb1 Nbd7 12. h3 Rfb8 13. Bf4 Bxe2 14. Qxe2 Qa6
15. Qc2 Rb4 16. a3 Rb7 17. Rbd1 Nb6 18. e5 dxe5 19. Bxe5 Nc4 20. Bxf6 Rxb2 21.
Qc1 Bxf6 22. Ne4 Bg7 23. Nxc5 Qb5 24. Ne4 f5 25. Neg5 Rc8 26. Ne6 Nd6 27. Qe3
Bf6 28. Nf4 Rc4 29. Ne6 Qb8 30. Rc1 Rb3 31. Qh6 Nf7 32. Qd2 Rxc1 33. Qxc1 Qa8
34. a4 Rb4 35. a5 Ra4 36. a6 Nd6 37. Nc7 Qc8 38. Qc6 Ra2 39. Rb1 Kf7 40. Qb6 g5
41. a7 g4 42. hxg4 fxg4 43. Nh2 g3 44. fxg3 Nf5 45. Nf3 Nd4 46. Nxd4 Bxd4+ 47.
Qxd4 Qxc7 48. Rf1+ Ke8 49. Ra1 Rxa1+ 50. Qxa1 Qb6+ 51. Kf1 Qb5+ 52. Kf2 Qc5+
53. Ke2 Qc4+ 54. Ke3 Qc5+ 55. Qd4 Qa3+ 56. Kf2 Kd7 57. Kg1 Qc1+ 58. Kh2 Qh6+
59. Qh4 Qa6 60. Qg4+ Kc7 61. Qg7 Kd7 62. d6 1-0

[Event "36. Vila de Sitges"]
[Site "Sitges ESP"]
[Date "2010.07.26"]
[Round "5.1"]
[White "Gonzalez Garcia, Jose"]
[Black "Movsziszian, Karen"]
[Result "1/2-1/2"]
[WhiteElo "2508"]
[BlackElo "2490"]
[PlyCount "89"]
[EventDate "2010.07.22"]
[EventType "swiss"]
[EventRounds "9"]
[EventCountry "ESP"]
[Source "lmi"]
[SourceDate "2010.07.22"]

1. d4 Nf6 2. c4 g6 3. Nf3 Bg7 4. g3 O-O 5. Bg2 d6 6. Nc3 Nbd7 7. O-O e5 8. e4
c6 9. h3 Qa5 10. Re1 exd4 11. Nxd4 Ne5 12. Bf1 Re8 13. Be3 Be6 14. Nxe6 Rxe6
15. Kg2 a6 16. Rb1 Rae8 17. b4 Qc7 18. Rc1 Ned7 19. f3 Qb8 20. Qd2 h5 21. h4
Ne5 22. c5 Rd8 23. cxd6 Rexd6 24. Qc2 Nd3 25. Bxd3 Rxd3 26. Rcd1 Rxd1 27. Rxd1
Rxd1 28. Nxd1 Nd7 29. Nf2 Qd6 30. Nd3 Bd4 31. Bf4 Qe6 32. Nc5 Nxc5 33. bxc5 a5
34. a4 b6 35. cxb6 Bxb6 36. Qb2 Bc5 37. Bh6 f6 38. Bd2 Qc4 39. Bxa5 Bd4 40.
Qb8+ Kh7 41. Qc7+ Kg8 42. Qd8+ Kh7 43. Qe7+ Kg8 44. Qe8+ Kg7 45. Qd7+ 1/2-1/2

[Event "36. Vila de Sitges"]
[Site "Sitges ESP"]
[Date "2010.07.26"]
[Round "5.2"]
[White "Gonzalez Perez, Arian"]
[Black "Barsov, Alexei"]
[Result "0-1"]
[WhiteElo "2403"]
[BlackElo "2505"]
[PlyCount "228"]
[EventDate "2010.07.22"]
[EventType "swiss"]
[EventRounds "9"]
[EventCountry "ESP"]
[Source "lmi"]
[SourceDate "2010.07.22"]

1. d4 d5 2. c4 e6 3. Nf3 Nf6 4. g3 dxc4 5. Bg2 Bb4+ 6. Bd2 c5 7. O-O O-O 8.
dxc5 Bxc5 9. Qc2 Nbd7 10. Qxc4 b5 11. Qxb5 Rb8 12. Qd3 Rxb2 13. Nc3 Nb6 14.
Qxd8 Rxd8 15. Rfd1 h6 16. Be3 Rxd1+ 17. Nxd1 Rc2 18. Bxc5 Rxc5 19. Nd4 e5 20.
Nc6 Bd7 21. Nb4 Bb5 22. Nd3 Bxd3 23. exd3 Nfd5 24. Bxd5 Nxd5 25. Rb1 Ra5 26.
Rb2 Ra3 27. Rb8+ Kh7 28. Rb5 Rxd3 29. Nb2 Rd2 30. Nc4 Nc3 31. Rxe5 Rxa2 32. Nd6
a5 33. Re7 a4 34. Nc4 a3 35. Nxa3 Rxa3 36. Rxf7 Kg6 37. Rf8 Ne4 38. Kg2 Ra2 39.
Rf4 Nf6 40. Rb4 h5 41. h3 Nd5 42. Rd4 Nf6 43. Rf4 Rd2 44. Ra4 Kf5 45. Rf4+ Ke5
46. h4 Ng4 47. Kg1 Nh6 48. Ra4 Nf5 49. Kg2 Rd5 50. Ra8 Nd6 51. Rf8 Ne4 52. Re8+
Kf5 53. Rf8+ Nf6 54. Ra8 Rd2 55. Ra5+ Ke6 56. Ra6+ Ke5 57. Ra5+ Nd5 58. Kf3
Rd3+ 59. Kg2 Rd2 60. Kf3 Rb2 61. Kg2 Ke4 62. Ra4+ Rb4 63. Ra8 Rb7 64. Ra4+ Ke5
65. Ra8 Rd7 66. Ra5 Rf7 67. Ra8 Rf6 68. Ra7 g6 69. Ra5 Ke4 70. Ra8 Nc3 71. Re8+
Kd4 72. Rd8+ Ke5 73. Re8+ Re6 74. Ra8 Ne4 75. Ra5+ Kd4 76. Ra4+ Kd3 77. Ra3+
Nc3 78. Ra8 Ke2 79. Ra7 Nd1 80. Rf7 Ke1 81. Kg1 Re2 82. Rf6 Nxf2 83. Rxg6 Ng4
84. Rg5 Re5 85. Rg8 Ke2 86. Kg2 Rf5 87. Re8+ Ne3+ 88. Kh3 Kf2 89. Ra8 Kf3 90.
Ra7 Ng4 91. Ra3+ Ne3 92. Ra8 Rd5 93. Rf8+ Ke4 94. Re8+ Re5 95. Ra8 Ng4 96. Ra4+
Kf5 97. Rf4+ Ke6 98. Rf8 Ke7 99. Rg8 Kf6 100. Rf8+ Kg7 101. Ra8 Ne3 102. Ra7+
Kf6 103. Ra6+ Kf5 104. Ra8 Rd5 105. Rf8+ Ke4 106. Rf4+ Kd3 107. Rf8 Ke2 108.
Rf7 Rd1 109. Kh2 Rf1 110. Re7 Rf3 111. Re5 Kf2 112. Rg5 Nf1+ 113. Kh1 Nxg3+
114. Kh2 Nf1+ 0-1

[Event "36. Vila de Sitges"]
[Site "Sitges ESP"]
[Date "2010.07.26"]
[Round "5.3"]
[White "Martinez Duany, Lelys Stanley"]
[Black "Peralta, Fernando"]
[Result "1/2-1/2"]
[WhiteElo "2510"]
[BlackElo "2570"]
[PlyCount "84"]
[EventDate "2010.07.22"]
[EventType "swiss"]
[EventRounds "9"]
[EventCountry "ESP"]
[Source "lmi"]
[SourceDate "2010.07.22"]

1. e4 c6 2. d4 d5 3. e5 Bf5 4. Nf3 e6 5. Be2 Nd7 6. O-O Ne7 7. b3 c5 8. c4 dxc4
9. Bxc4 cxd4 10. Qxd4 Nc6 11. Qf4 Be7 12. Ba3 g5 13. Qe3 Qb6 14. Qxb6 axb6 15.
Bxe7 Kxe7 16. Nxg5 b5 17. Bxb5 Nd4 18. Nc3 Nxb5 19. Nxb5 Bd3 20. Nc7 Bxf1 21.
Nxa8 Bb5 22. Nc7 Bc6 23. b4 Rg8 24. f4 h6 25. b5 Bxg2 26. Kxg2 hxg5 27. Kf3
gxf4 28. a4 Rc8 29. Rc1 Kd8 30. Nxe6+ fxe6 31. Rxc8+ Kxc8 32. a5 Nxe5+ 33. Kxf4
Ng6+ 34. Ke4 Kc7 35. Kd4 Nh4 36. Ke5 Nf3+ 37. Kxe6 Nxh2 38. Kd5 Nf3 39. Kc5 Nd2
40. b6+ Kd7 41. Kb5 Ne4 42. a6 Nd6+ 1/2-1/2

[Event "36. Vila de Sitges"]
[Site "Sitges ESP"]
[Date "2010.07.26"]
[Round "5.4"]
[White "Cruz, Jonathan"]
[Black "Moskalenko, Viktor"]
[Result "0-1"]
[WhiteElo "2437"]
[BlackElo "2565"]
[PlyCount "158"]
[EventDate "2010.07.22"]
[EventType "swiss"]
[EventRounds "9"]
[EventCountry "ESP"]
[Source "lmi"]
[SourceDate "2010.07.22"]

1. d4 e6 2. c4 f5 3. g3 Nf6 4. Bg2 c6 5. Nh3 d5 6. O-O Bd6 7. Qc2 O-O 8. Nd2
Qe7 9. Nf3 Ne4 10. Nf4 Nd7 11. Nd3 b6 12. Bf4 Bxf4 13. Nxf4 Bb7 14. Nd3 Rac8
15. b4 Nd6 16. Nfe5 Nxe5 17. Nxe5 Ba6 18. c5 Nc4 19. Nxc4 Bxc4 20. f4 a5 21. a3
Ra8 22. Qd2 Ra6 23. Rfc1 axb4 24. axb4 Rfa8 25. Rxa6 Rxa6 26. Bf3 b5 27. Rc3
Ra2 28. Rc2 Ra4 29. Rb2 Ra3 30. Kf2 h6 31. h4 Kh7 32. h5 Qf6 33. Kg2 Kg8 34.
Kf2 Kf8 35. Kg2 Kf7 36. Qd1 Qe7 37. Qd2 Qa7 38. Kf2 Qa4 39. Rb1 Ke7 40. Qc1 Kf7
41. Qd2 Qa7 42. Rb2 Ra1 43. Qe3 Qa4 44. g4 Qd1 45. Kg3 Qe1+ 46. Kh3 fxg4+ 47.
Kxg4 Qg1+ 48. Qxg1 Rxg1+ 49. Kh3 Rd1 50. Kg3 Rxd4 51. Rb1 Rd2 52. Kf2 Ra2 53.
Ke3 Ra4 54. Kd4 Ba2 55. Rb2 Kf6 56. e4 Ra3 57. exd5 exd5 58. Bg4 Bc4 59. Rd2
Ra7 60. Rg2 Re7 61. Bf3 Kf5 62. Rg6 Kxf4 63. Bg2 Re3 64. Rg4+ Kxg4 65. Kxe3 Kg3
66. Bh1 Bf1 67. Bxd5 cxd5 68. Kd4 Be2 69. c6 Bxh5 70. Kc5 d4 71. Kxd4 Bg4 72.
Kc5 h5 73. Kxb5 h4 74. Ka5 h3 75. b5 h2 76. b6 h1=Q 77. b7 Qb1 78. Ka6 Bf3 79.
Ka7 Bxc6 0-1

[Event "36. Vila de Sitges"]
[Site "Sitges ESP"]
[Date "2010.07.26"]
[Round "5.5"]
[White "Abreu Delgado, Aryam"]
[Black "Beltran Rueda, Santiago"]
[Result "1-0"]
[WhiteElo "2474"]
[BlackElo "2369"]
[PlyCount "145"]
[EventDate "2010.07.22"]
[EventType "swiss"]
[EventRounds "9"]
[EventCountry "ESP"]
[Source "lmi"]
[SourceDate "2010.07.22"]

1. e4 c5 2. Nf3 d6 3. d4 cxd4 4. Nxd4 Nf6 5. Nc3 Nc6 6. h3 g6 7. Be3 Bg7 8. Bc4
O-O 9. Bb3 Na5 10. O-O b6 11. Re1 Bb7 12. Bg5 Nxb3 13. axb3 h6 14. Bh4 a6 15.
Nd5 e6 16. Nxf6+ Bxf6 17. Bxf6 Qxf6 18. c3 Rad8 19. Qe2 Kh7 20. Nc2 Qe5 21. Qe3
Qc5 22. b4 Qc7 23. Rad1 b5 24. Qd2 e5 25. Ne3 f5 26. f3 fxe4 27. fxe4 Qe7 28.
Nd5 Qh4 29. Rf1 Bc8 30. Qd3 Be6 31. b3 Rf7 32. Rxf7+ Bxf7 33. Rf1 Kg7 34. c4
bxc4 35. bxc4 Rf8 36. c5 dxc5 37. bxc5 Bxd5 38. Rxf8 Kxf8 39. Qxd5 Qf4 40. Qc4
Qe3+ 41. Kh1 Qd4 42. Qc1 Ke7 43. c6 Kd8 44. Qb1 Qa7 45. Qa1 Qb6 46. Qd1+ Qd4
47. Qb3 Qc5 48. Qb8+ Ke7 49. Qc7+ Kf6 50. Qd8+ Kf7 51. Qd7+ Kf6 52. Kh2 Qc1 53.
Qd6+ Kf7 54. c7 Qf4+ 55. Kh1 Qf1+ 56. Kh2 Qf4+ 57. Kg1 Qe3+ 58. Kf1 Qf4+ 59.
Ke2 Qxe4+ 60. Kd2 Qxg2+ 61. Kc3 Qxh3+ 62. Qd3 Qc8 63. Qd8 Qh3+ 64. Kc4 Qf1+ 65.
Qd3 Qc1+ 66. Qc3 Qf1+ 67. Kc5 Qf5 68. Qc4+ Ke7 69. Qxa6 Qc2+ 70. Kb6 Kd7 71.
Qb5+ Kd6 72. Qb4+ Kd7 73. Qg4+ 1-0

[Event "36. Vila de Sitges"]
[Site "Sitges ESP"]
[Date "2010.07.26"]
[Round "5.6"]
[White "Getz, Nicolai"]
[Black "Cruz, Cristhian"]
[Result "1/2-1/2"]
[WhiteElo "2239"]
[BlackElo "2536"]
[PlyCount "73"]
[EventDate "2010.07.22"]
[EventType "swiss"]
[EventRounds "9"]
[EventCountry "ESP"]
[Source "lmi"]
[SourceDate "2010.07.22"]

1. e4 e6 2. d4 d5 3. Nc3 Nf6 4. e5 Nfd7 5. f4 c5 6. Nf3 Nc6 7. Be3 cxd4 8. Nxd4
Bc5 9. Qd2 a6 10. O-O-O O-O 11. h4 Bxd4 12. Bxd4 b5 13. b3 Qc7 14. Bf2 Bb7 15.
Bd3 Rac8 16. Ne2 f6 17. exf6 Rxf6 18. g4 Nde5 19. g5 Rf7 20. Bg3 Nxd3+ 21. cxd3
Nb4+ 22. Kb1 Qc2+ 23. Qxc2 Rxc2 24. Nd4 Rg2 25. Rhg1 Rxg1 26. Rxg1 Nxd3 27.
Nxe6 Bc8 28. Nd8 Re7 29. Nc6 Re2 30. Ka1 Bh3 31. f5 Bg2 32. Bd6 Kf7 33. Rd1 Be4
34. Rxd3 Bxd3 35. Ne5+ Rxe5 36. Bxe5 Bxf5 37. Kb2 1/2-1/2

[Event "36. Vila de Sitges"]
[Site "Sitges ESP"]
[Date "2010.07.26"]
[Round "5.7"]
[White "Coll Enriquez, Lluis"]
[Black "Cruz, Filemon"]
[Result "0-1"]
[WhiteElo "2231"]
[BlackElo "2456"]
[PlyCount "56"]
[EventDate "2010.07.22"]
[EventType "swiss"]
[EventRounds "9"]
[EventCountry "ESP"]
[Source "lmi"]
[SourceDate "2010.07.22"]

1. e4 c5 2. Nc3 g6 3. g3 Bg7 4. Bg2 Nc6 5. d3 Rb8 6. Be3 d6 7. Qd2 b5 8. f4 b4
9. Nd1 Bb7 10. Nh3 Nf6 11. Nhf2 O-O 12. g4 Nd7 13. h4 Nd4 14. c3 bxc3 15. bxc3
Nb5 16. h5 d5 17. f5 dxe4 18. hxg6 fxg6 19. fxg6 Ne5 20. gxh7+ Kh8 21. O-O exd3
22. Nh3 Rxf1+ 23. Kxf1 Nc4 24. Qf2 Bxg2+ 25. Kxg2 Nxc3 26. Nf4 Qd6 27. Qf3 Ne2
28. Qe4 Nxe3+ 0-1

[Event "36. Vila de Sitges"]
[Site "Sitges ESP"]
[Date "2010.07.26"]
[Round "5.8"]
[White "Gongora Reyes, Maikel"]
[Black "Rios, Alejandro"]
[Result "1-0"]
[WhiteElo "2451"]
[BlackElo "2308"]
[PlyCount "81"]
[EventDate "2010.07.22"]
[EventType "swiss"]
[EventRounds "9"]
[EventCountry "ESP"]
[Source "lmi"]
[SourceDate "2010.07.22"]

1. d4 Nf6 2. c4 e6 3. Nf3 b6 4. g3 Bb7 5. Bg2 Bb4+ 6. Bd2 Qe7 7. O-O O-O 8. Bg5
h6 9. Bxf6 Qxf6 10. a3 Be7 11. Nc3 d6 12. e4 Qg6 13. d5 e5 14. Ne1 Bc8 15. Nd3
Nd7 16. b4 a6 17. Qe2 Re8 18. Rae1 Rb8 19. Kh1 Nf6 20. f4 exf4 21. gxf4 Bg4 22.
Bf3 Bxf3+ 23. Rxf3 Bf8 24. Rg3 Qh7 25. Re3 Re7 26. Qf3 h5 27. h3 Rbe8 28. R3e2
h4 29. e5 Nh5 30. Ne4 Qf5 31. Qg4 g6 32. Qxh4 dxe5 33. Nxe5 Bg7 34. d6 Nxf4 35.
Ng3 Qc8 36. dxe7 Qa8+ 37. Kh2 Bxe5 38. Re4 f6 39. Rxf4 g5 40. Rg4 Rxe7 41.
Rxg5+ 1-0

[Event "36. Vila de Sitges"]
[Site "Sitges ESP"]
[Date "2010.07.26"]
[Round "5.9"]
[White "Arvola, Benjamin"]
[Black "Karlsson, Lars"]
[Result "0-1"]
[WhiteElo "2188"]
[BlackElo "2449"]
[PlyCount "62"]
[EventDate "2010.07.22"]
[EventType "swiss"]
[EventRounds "9"]
[EventCountry "ESP"]
[Source "lmi"]
[SourceDate "2010.07.22"]

1. d4 d6 2. c4 g6 3. Nc3 Bg7 4. Nf3 Bg4 5. e3 Nf6 6. Be2 O-O 7. O-O Nc6 8. h3
Bxf3 9. Bxf3 Nd7 10. Qd2 e5 11. dxe5 Ncxe5 12. Be2 a5 13. Rb1 Nc5 14. b3 c6 15.
Bb2 Qe7 16. Rbd1 Rad8 17. Qc2 f5 18. Rfe1 g5 19. Bf1 g4 20. hxg4 Nxg4 21. g3
Qg5 22. Bg2 Qh6 23. Kf1 Ne4 24. Nxe4 fxe4 25. Bxg7 Kxg7 26. Qc3+ Kg8 27. Rd2
Nh2+ 28. Kg1 Nf3+ 29. Bxf3 exf3 30. Qd3 Rde8 31. e4 Re5 0-1

[Event "36. Vila de Sitges"]
[Site "Sitges ESP"]
[Date "2010.07.26"]
[Round "5.10"]
[White "Rojas Keim, Luis"]
[Black "Capellades Subirana, Marc"]
[Result "1-0"]
[WhiteElo "2437"]
[BlackElo "2268"]
[PlyCount "85"]
[EventDate "2010.07.22"]
[EventType "swiss"]
[EventRounds "9"]
[EventCountry "ESP"]
[Source "lmi"]
[SourceDate "2010.07.22"]

1. d4 Nf6 2. Bg5 c6 3. Bxf6 exf6 4. c4 d5 5. cxd5 Qxd5 6. Nc3 Bb4 7. Qd2 Bxc3
8. bxc3 Nd7 9. e3 Nb6 10. Ne2 O-O 11. Nf4 Qd6 12. c4 Re8 13. g3 c5 14. Be2 cxd4
15. O-O Qc6 16. Qxd4 Re4 17. Qd3 Bf5 18. Nd5 Nxd5 19. cxd5 Qd7 20. f3 Re5 21.
e4 Bg6 22. g4 h5 23. h3 Qd6 24. Rf2 Rc8 25. Bf1 hxg4 26. hxg4 Rg5 27. Qe3 b6
28. Rc1 Re8 29. Bb5 Rd8 30. Rg2 Re5 31. Qf2 Re7 32. Rh2 Rc7 33. Bc6 Qf4 34. Re1
Kf8 35. Rh3 Rcc8 36. Qh2 Qxh2+ 37. Rxh2 Ke7 38. Kf2 Rh8 39. Reh1 Rxh2+ 40. Rxh2
Rd8 41. Ke3 Kf8 42. Rh8+ Ke7 43. d6+ 1-0

[Event "36. Vila de Sitges"]
[Site "Sitges ESP"]
[Date "2010.07.27"]
[Round "6.2"]
[White "Moskalenko, Viktor"]
[Black "Movsziszian, Karen"]
[Result "0-1"]
[WhiteElo "2565"]
[BlackElo "2490"]
[PlyCount "178"]
[EventDate "2010.07.22"]
[EventType "swiss"]
[EventRounds "9"]
[EventCountry "ESP"]
[Source "lmi"]
[SourceDate "2010.07.22"]

1. c4 d6 2. Nc3 e5 3. g3 g6 4. Bg2 Bg7 5. d3 Nc6 6. e4 Be6 7. Nge2 h5 8. h3 Qd7
9. Nd5 Nce7 10. d4 f5 11. f4 fxe4 12. fxe5 Nxd5 13. cxd5 Bxd5 14. Nf4 Bf7 15.
Bxe4 Ne7 16. Qe2 dxe5 17. dxe5 O-O 18. Bxb7 Rae8 19. e6 Bxe6 20. Qxe6+ Qxe6+
21. Nxe6 Nc6 22. Bc8 Rf7 23. Rf1 Nd4 24. Rxf7 Kxf7 25. Kf2 Nxe6 26. Ba6 Bd4+
27. Kg2 Nc5 28. Bc4+ Kg7 29. Bf4 Ne6 30. Bxe6 Rxe6 31. Rd1 Re2+ 32. Kf3 Rf2+
33. Ke4 c5 34. Rd2 Rxd2 35. Bxd2 Bxb2 36. Be3 a6 37. Bxc5 Kf7 38. Kd5 Bc3 39.
a4 Be1 40. Bd6 Kf6 41. Kc6 Kf5 42. Kb6 a5 43. Kb5 g5 44. Bc7 g4 45. h4 Ke4 46.
Bxa5 Bxa5 47. Kxa5 Kf3 48. Kb5 Kxg3 49. a5 Kxh4 50. a6 g3 51. a7 g2 52. a8=Q
g1=Q 53. Qe4+ Qg4 54. Qe1+ Kg5 55. Qe7+ Kf4 56. Qd6+ Kf3 57. Kb6 Qf5 58. Qh2
Qf6+ 59. Ka7 h4 60. Qh1+ Kg4 61. Qg2+ Kh5 62. Qe2+ Kh6 63. Qe3+ Kg7 64. Ka8
Qf8+ 65. Ka7 Qf6 66. Ka8 Qd8+ 67. Kb7 Qd5+ 68. Kb8 Kg6 69. Ka7 Qf5 70. Ka8 h3
71. Qe8+ Kh7 72. Qe7+ Kg8 73. Qh4 Qd5+ 74. Ka7 Qa2+ 75. Kb6 Qb1+ 76. Kc6 Qg6+
77. Kd5 Qg2+ 78. Ke5 Qg7+ 79. Ke4 Qg2+ 80. Ke5 Qf3 81. Qd8+ Kf7 82. Qd7+ Kg6
83. Qe6+ Kh5 84. Qe8+ Kh4 85. Qe7+ Kg3 86. Qg5+ Kf2 87. Kd4 h2 88. Qh4+ Qg3 89.
Qf6+ Kg1 0-1